000
00215 a2200097 4500
001
18883
100
_a
Barnard & child
245
_a
Elements of geometry
260
_a
_b
Macmillan & Co
_c
1934
090
_c
13972
_d
13972
942
_a
NUST-CAE
_c
M
_c
4416
999
_c
253956
_d
253956